[Event "Deutsche Ländermeisterschaft 2018"]
[Site "Würzburg GER"]
[Date "2018.10.03"]
[Round "2"]
[White "Chassard, Cedric"]
[Black "Mönster, Madita"]
[Result "0-1"]
[Termination "normal"]
[Board "10.4"]
[WhiteElo "1786"]
[BlackElo "1857"]
[WhiteTeam "Saarland"]
[BlackTeam "SG Bremen / Niedersachsen"]
[PlyCount "62"]
[WhiteFideId "16243536"]
[BlackFideId "12947156"]
[EventCountry "GER"]
[EventRounds "7"]
[EventType "team-swiss"]
[EventDate "2018.10.02"]

1.e4 c5 2.Nf3 d6 3.d4 cxd4 4.Nxd4 Nf6 5.Nc3 a6 6.Be2 e5 7.Nb3 Be7 8.Bg5 Be6
9.Bxf6 Bxf6 10.Nd5 Bg5 11.a4 Nc6 12.c3 O-O 13.O-O Ne7 14.Bc4 Ng6 15.a5 Rc8
16.Be2 Nf4 17.Nxf4 Bxf4 18.Re1 Kh8 19.Nd2 f5 20.exf5 Bxf5 21.Nc4 Rc6 22.Nb6 Be6
23.Bf3 Rc7 24.Bd5 Bxh2+ 25.Kf1 Rcf7 26.Re2 Bxd5 27.Qxd5 Bg3 28.Ra4 Bxf2 29.Rxf2
Rxf2+ 30.Ke1 Qg5 31.Qxb7 Qd2#   0-1

[Event "Deutsche Ländermeisterschaft 2018"]
[Site "Würzburg GER"]
[Date "2018.10.03"]
[Round "2"]
[White "Block, Timo"]
[Black "Müller, Maximilian"]
[Result "1-0"]
[Termination "normal"]
[Board "10.5"]
[WhiteElo "1777"]
[BlackElo "1547"]
[WhiteTeam "SG Bremen / Niedersachsen"]
[BlackTeam "Saarland"]
[PlyCount "79"]
[WhiteFideId "16201116"]
[BlackFideId "16243552"]
[EventCountry "GER"]
[EventRounds "7"]
[EventType "team-swiss"]
[EventDate "2018.10.02"]

1.e4 e6 2.d4 d5 3.e5 c5 4.c3 Nc6 5.Nf3 Qb6 6.a3 Bd7 7.b4 cxd4 8.cxd4 Nge7 9.Be2
Nf5 10.Be3 a5 11.b5 Na7 12.a4 Bb4+ 13.Nbd2 Rc8 14.O-O O-O 15.Bd3 h6 16.g4 Nxe3
17.fxe3 Rc3 18.Qe2 Qc7 19.g5 Kh8 20.gxh6 gxh6 21.Kh1 Rg8 22.e4 Qd8 23.Qe3 Qf8
24.Nh4 Be7 25.Ndf3 Rg4 26.h3 Rg3 27.Kh2 Bxh4 28.Qd2 Rb3 29.Nxh4 Qg7 30.Rf3 Rxf3
31.Nxf3 Qh7 32.Qc2 Rxd3 33.Qxd3 dxe4 34.Qa3 exf3 35.Qf8+ Qg8 36.Qxh6+ Qh7
37.Qf6+ Qg7 38.Qxf3 Qg6 39.Rg1 Qc2+ 40.Rg2   1-0

[Event "Deutsche Ländermeisterschaft 2018"]
[Site "Würzburg GER"]
[Date "2018.10.03"]
[Round "2"]
[White "Fuchs, Emily"]
[Black "Abele, Anais"]
[Result "0-1"]
[Termination "normal"]
[Board "10.6"]
[WhiteElo "1335"]
[BlackElo "1679"]
[WhiteTeam "Saarland"]
[BlackTeam "SG Bremen / Niedersachsen"]
[PlyCount "104"]
[WhiteFideId "16208986"]
[BlackFideId "16208927"]
[EventCountry "GER"]
[EventRounds "7"]
[EventType "team-swiss"]
[EventDate "2018.10.02"]

1.e4 c5 2.g3 d5 3.Bg2 dxe4 4.Bxe4 Nf6 5.Bg2 g6 6.Ne2 Bg7 7.O-O O-O 8.d3 e5
9.Bg5 Qb6 10.Nd2 Nc6 11.Nc4 Qc7 12.f4 h6 13.fxe5 Ng4 14.Bd2 Ngxe5 15.Nxe5 Nxe5
16.Bf4 g5 17.Bxe5 Bxe5 18.c3 Bg4 19.Rc1 Rae8 20.Rf2 Qe7 21.Rc2 Qd7 22.d4 cxd4
23.cxd4 Bxe2 24.Rfxe2 Qxd4+ 25.Qxd4 Bxd4+ 26.Kf1 Rxe2 27.Rxe2 b6 28.b4 Rc8
29.Re7 Rc1+ 30.Ke2 Rc2+ 31.Kd3 Rxg2 32.Kxd4 Rxa2 33.h4 gxh4 34.gxh4 a5 35.Kc3
Ra4 36.bxa5 bxa5 37.Re5 Rxh4 38.Rxa5 Re4 39.Kd3 Re8 40.Kd4 Kg7 41.Ra3 h5 42.Ra1
f5 43.Rg1+ Kf6 44.Rh1 Re4+ 45.Kd3 h4 46.Kd2 Kg5 47.Rg1+ Kh5 48.Kd3 h3 49.Rh1
Kh4 50.Rf1 h2 51.Rc1 Kg3 52.Rb1 Rh4   0-1

[Event "Deutsche Ländermeisterschaft 2018"]
[Site "Würzburg GER"]
[Date "2018.10.03"]
[Round "2"]
[White "Weidenhöfer, Max"]
[Black "Huppert, Anna"]
[Result "0-1"]
[Termination "normal"]
[Board "10.7"]
[WhiteElo "1580"]
[BlackElo "1498"]
[WhiteTeam "SG Bremen / Niedersachsen"]
[BlackTeam "Saarland"]
[PlyCount "96"]
[WhiteFideId "16230566"]
[BlackFideId "16214439"]
[EventCountry "GER"]
[EventRounds "7"]
[EventType "team-swiss"]
[EventDate "2018.10.02"]

1.e4 e6 2.d3 d5 3.Nd2 Bd6 4.Ngf3 Nc6 5.g3 Nf6 6.Bg2 dxe4 7.dxe4 e5 8.O-O Bg4
9.h3 Bh5 10.g4 Bg6 11.Re1 h6 12.Nh4 Bh7 13.Nf5 g6 14.Nxh6 Qe7 15.g5 Nh5 16.Nc4
O-O-O 17.Nxd6+ Rxd6 18.Qe2 f6 19.gxf6 Qxf6 20.Ng4 Qe7 21.c3 g5 22.Be3 Nf4
23.Bxf4 gxf4 24.Rad1 Bg6 25.b4 Bh5 26.Rxd6 Qxd6 27.Rd1 Qe6 28.f3 Nd8 29.Qf2 Kb8
30.Qd2 Qb6+ 31.Kh1 Bxg4 32.fxg4 Nf7 33.Qd5 Qf6 34.a4 f3 35.Bf1 f2 36.Qd3 Qf4
37.Bg2 Qxg4 38.Qf3 Rxh3+ 39.Qxh3 Qxd1+ 40.Bf1 b6 41.Kg2 Qxa4 42.Kxf2 Qc2+
43.Kg1 Qxe4 44.Ba6 Qb1+ 45.Kf2 Qa2+ 46.Ke3 Qxa6 47.Qe6 Nd6 48.Qg8+ Qc8   0-1

[Event "Deutsche Ländermeisterschaft 2018"]
[Site "Würzburg GER"]
[Date "2018.10.03"]
[Round "2"]
[White "Alhassan, Jodi"]
[Black "Zöllner, Bente"]
[Result "0-1"]
[Termination "normal"]
[Board "10.8"]
[WhiteElo "1094"]
[BlackElo "1354"]
[WhiteTeam "Saarland"]
[BlackTeam "SG Bremen / Niedersachsen"]
[PlyCount "58"]
[WhiteFideId "16250460"]
[BlackFideId "16230523"]
[EventCountry "GER"]
[EventRounds "7"]
[EventType "team-swiss"]
[EventDate "2018.10.02"]

1.e4 c5 2.Nf3 Nc6 3.d4 cxd4 4.Nxd4 Nf6 5.Nc3 e5 6.Nf3 Bb4 7.Bd2 d5 8.Bd3 Bxc3
9.Bxc3 dxe4 10.Bxe4 Qxd1+ 11.Rxd1 Nxe4 12.Bxe5 Nxe5 13.Nxe5 Be6 14.a3 O-O
15.O-O Rfd8 16.f3 Nf6 17.b3 Nd7 18.Nd3 Rac8 19.c4 b5 20.cxb5 Bxb3 21.Rd2 Bc4
22.Rfd1 f6 23.Nb4 Bxb5 24.Nd5 Kf7 25.Nc3 Rxc3 26.Rb2 a6 27.Kf2 Rdc8 28.Rdd2 Ne5
29.Kg3 Nc4   0-1